|
|
|
|
| LEADER |
02518cas a2200325 a 4500 |
| 001 |
AALejournalIMF022604 |
| 008 |
230101c9999 xx r poo 0 0eng d |
| 020 |
|
|
|c 5.00 USD
|
| 020 |
|
|
|z 9798400206528
|
| 022 |
|
|
|a 2663-3493
|
| 040 |
|
|
|a BD-DhAAL
|c BD-DhAAL
|
| 100 |
1 |
|
|a Kolasa, Marcin.
|
| 245 |
1 |
0 |
|a Review of The Institutional View on The Liberalization and Management of Capital Flows :
|b Background Note on Using the IPF Analytical Toolkit to Enhance Policy Assessments /
|c Marcin Kolasa, Gurnain Kaur Pasricha, Suman Basu, Emine Boz, Dimitre Milkov.
|
| 264 |
|
1 |
|a Washington, D.C. :
|b International Monetary Fund,
|c 2022.
|
| 300 |
|
|
|a 1 online resource (4 pages)
|
| 490 |
1 |
|
|a Policy Papers
|
| 500 |
|
|
|a <strong>Off-Campus Access:</strong> No User ID or Password Required
|
| 500 |
|
|
|a <strong>On-Campus Access:</strong> No User ID or Password Required
|
| 506 |
|
|
|a Electronic access restricted to authorized BRAC University faculty, staff and students
|
| 520 |
3 |
|
|a Insights from the IPF workstream can help guide the appropriate policy mix during an inflow surge, based on the shock and country characteristics. Inflow surges may be caused by a range of shocks and can take different forms in different countries. The IPF models suggest that warranted macroeconomic policy adjustments depend on the nature of the shock and country characteristics. The IPF models point to shocks and country characteristics that make it difficult to effectively respond to surges using only macroeconomic policy and exchange rate adjustment. The IPF models also suggest that, in the presence of overheating and overvaluation, the use of FXI and CFMs can enhance monetary autonomy in certain circumstances without generating other distortions. The relative costs and benefits of FXI and CFMs depend on country-specific factors. The IPF models also illustrate how surges can lead to a build-up of systemic financial risks. The IPF workstream connects the appropriate mix of MPMs and CFM/MPMs to the structure of the country's financial system.
|
| 538 |
|
|
|a Mode of access: Internet
|
| 650 |
|
7 |
|a Monetary Policy
|2 imf
|
| 650 |
|
7 |
|a Money and Monetary Policy
|2 imf
|
| 650 |
|
7 |
|a Political Economy
|2 imf
|
| 700 |
1 |
|
|a Basu, Suman.
|
| 700 |
1 |
|
|a Boz, Emine.
|
| 700 |
1 |
|
|a Milkov, Dimitre.
|
| 700 |
1 |
|
|a Pasricha, Gurnain Kaur.
|
| 830 |
|
0 |
|a Policy Papers; Policy Paper
|v ;No. 2022/012
|
| 856 |
4 |
0 |
|z Full text available on IMF
|u https://elibrary.imf.org/openurl?genre=journal&issn=2663-3493&volume=2022&issue=012
|z IMF e-Library
|